Prva HNL - Statistics

General Stats
  • This quiz has been taken 357 times
  • The average score is 20 of 39
Answer Stats
Seasons Answer % Correct
24 Dinamo Zagreb
100%
24 Hajduk Split
100%
24 Rijeka
100%
24 Osijek
99%
9 Istra 1961
96%
18 Slaven Belupo
91%
18 Šibenik
90%
21 Varaždin
89%
6 Lokomotiva
88%
20 Zadar
83%
23 Zagreb
82%
5 Split
81%
7 Istra Pula
80%
9 Hrvatski Dragovoljac
78%
20 Cibalia
74%
15 Inter Zaprešić
74%
1 Vukovar '91
65%
4 Dubrovnik
55%
3 Karlovac
53%
6 Marsonia
49%
6 Kamen Ingrad
46%
2 Croatia Sesvete
43%
2 Orijent
42%
5 Međimurje
36%
1 Lučko
32%
5 Segesta
28%
2 Čakovec
24%
1 Dubrava
23%
4 Belišće
21%
2 Pomorac
17%
2 Neretva
15%
1 Samobor
15%
1 TŠK Topolovac
15%
2 Pazinka
14%
4 Mladost 127
13%
3 Primorac
13%
2 Radnik
13%
1 Slavonija
8%
1 Uskok
8%
No matching quizzes found
Score Distribution
Percent of People with Each Score
Percentile by Number Answered
Your Score History
You have not taken this quiz